Sports Quiz

Random Sports or NBA Quiz
Score 0/8 Timer 04:00
12 Plays Today
Career Player % Correct
1997-2016Kobe Bryant
83.1%
1999-2019Dirk Nowitzki
82%
1998-2016Tim Duncan
78.2%
1963-1978John Havlicek
55.3%
1985-2003John Stockton
53.1%
2003-2018Manu Ginobili
40.1%
1988-2005Reggie Miller
33%
2003-CurrentUdonis Haslem
27.1%

You're not logged in!

Compare scores with friends on all Sporcle quizzes.
OR
Log In

Sporcle TV

Today on Sporcle TV


Watch our educational content, quiz creation guides, and fun videos on Sporcle TV.

Show Comments

Extras

Top Quizzes Today


Score Distribution

Paid Content

Your Account Isn't Verified!

In order to create a playlist on Sporcle, you need to verify the email address you used during registration. Go to your Sporcle Settings to finish the process.

Report this User

Report this user for behavior that violates our Community Guidelines.

Details: